000 00392nam a22001217a 4500
082 _a621.462 VEI'E
100 _aVEINOTT, CYRIL G
_980336
245 _aFRACTIONAL HORSEPOWER ELEVCTRIC MOTORS WHAT KINDS ARE AVAILABLE WHAT MAKES THEN RUN AND WHAT THEY WILL DO HOW TO REPAIR REWIND AND RECONNECT THEM
250 _a2ND
260 _aNEWYORK
_bMCGRAW HILL
_c1948
300 _a554P
942 _cBK
999 _c585289
_d585289